000
00290nam a22001337a 4500
008
180123b xxu||||| |||| 00| 0 eng d
020
_a
9780312533007
041
_a
eng
080
_a
37
100
_a
49
101
_a
edu
245
_a
RESEARCHER THE BEDFORD
_c
NIKE.P
942
_2
udc
_c
BK
999
_c
40785
_d
40785